000 00548nam a22001817a 4500
005 20241002121245.0
008 241002b |||||||| |||| 00| 0 eng d
020 _a9780639008783
041 _aEnglish
082 _a346.4 GEN
100 _lEnglish
245 _aGeneral Principles of South African Property Law /
_cG Mullet et al.
250 _aFirst Edition
260 _aDurban:
_bLexisNexis (Pty) Ltd,
_c2024
300 _bxiii, 227 pages;
_c25 cm.
650 _aLegal practice
_bLaw
942 _cBK
_6ALISON_BN_VRIES
999 _c3195
_d3195